Угломерные двухпозиционные пассивные системы радиомониторинга воздушного базирования. Методы и алгоритмы оценивания и управления (Запись № 12706263)

Подробности
000 -МАРКЕР
контрольное поле 03879nam0a2200445 4500
001 - ИДЕНТИФИКАТОР ЗАПИСИ
контрольное поле RU\NLR\BIBL_A\016210728
005 - ИДЕНТИФИКАТОР ВЕРСИИ
контрольное поле 20230329162014.0
010 ## - МЕЖДУНАРОДНЫЙ СТАНДАРТНЫЙ НОМЕР КНИГИ (ISBN)
Номер (ISBN) 978-5-93108-223-3
Тираж 500
021 ## - НОМЕР ГОСУДАРСТВЕННОЙ РЕГИСТРАЦИИ
Код страны Российская Федерация
Номер КН-П-22-070244
Номер Листа государственной регистраци КН-П-22-6112
035 ## - ДРУГИЕ СИСТЕМНЫЕ НОМЕРА
Идентификатор записи (NLR Aleph) 016210728
035 ## - ДРУГИЕ СИСТЕМНЫЕ НОМЕРА
Идентификатор записи (RuMoRGB)011283605
100 ## - ДАННЫЕ ОБЩЕЙ ОБРАБОТКИ
Данные общей обработки 20221117d2022 k y0rusy50 ca
101 0# - ЯЗЫК РЕСУРСА
Язык текста, звукозаписи и т.д. русский
102 ## - СТРАНА ПУБЛИКАЦИИ ИЛИ ПРОИЗВОДСТВА
Страна публикации Российская Федерация
105 ## - ПОЛЕ КОДИРОВАННЫХ ДАННЫХ: ТЕКСТОВЫЕ МАТЕРИАЛЫ, МОНОГРАФИЧЕСКИЕ
Кодированные данные о монографическом текстовом документе a z 000zy
181 #0 - ПОЛЕ КОДИРОВАННЫХ ДАННЫХ: ВИД СОДЕРЖАНИЯ
Код вида содержания (ISBD) i3
Код характеристики содержания (ISBD) axxe
182 #0 - ПОЛЕ КОДИРОВАННЫХ ДАННЫХ: ТИП СРЕДСТВА
Код типа средства (ISBD) n - непосредственное
200 1# - ЗАГЛАВИЕ И СВЕДЕНИЯ ОБ ОТВЕТСТВЕННОСТИ
Основное заглавие Угломерные двухпозиционные пассивные системы радиомониторинга воздушного базирования. Методы и алгоритмы оценивания и управления
Первые сведения об ответственности Чернов В. С., Верба В. С., Меркулов В. И. [и др.]
Последующие сведения об ответственности под редакцией члена-корреспондента РАН В. С. Вербы
203 ## - ВИД СОДЕРЖАНИЯ И ТИП СРЕДСТВА
Вид содержания Текст
Дополнительные сведения об издании визуальный
Тип средства непосредственный
210 ## - ПУБЛИКАЦИЯ, РАСПРОСТРАНЕНИЕ И ДР.
Место издания, распространения и т.д. Москва
Имя издателя, распространителя и т. д. Радиотехника
Дата издания, распространения и т.д. 2022
215 ## - ФИЗИЧЕСКАЯ ХАРАКТЕРИСТИКА
Специфическое обозначение материала и объем 231 с.
Другие сведения о физической характеристике ил.
Размеры 22
225 1# - СЕРИЯ
Основное заглавие серии Научная серия "Системы мониторинга воздушного и космического пространства и земной поверхности"
300 ## - ОБЩИЕ ПРИМЕЧАНИЯ
Текст примечания Авт. указаны на обороте тит. с.
300 ## - ОБЩИЕ ПРИМЕЧАНИЯ
Текст примечания На 4-й с. обл. авт.: Верба В. С., чл.-кор. РАН, д-р техн. наук, проф., заслуж. деят. науки РФ, Меркулов В. И., д-р техн. наук, проф., заслуж. деят. науки РФ, Чернов В. С., канд. техн. наук, доц. [и др.]
320 ## - ПРИМЕЧАНИЯ О НАЛИЧИИ В ДОКУМЕНТЕ БИБЛИОГРАФИИ / УКАЗАТЕЛЯ
Текст примечания Библиогр.: с. 228-230 (32 назв.) и в конце гл.
330 ## - РЕЗЮМЕ ИЛИ РЕФЕРАТ
Текст примечания Рассмотрены теоретические основы синтеза и анализа угломерных двухпозиционных пассивных систем воздушного базирования. Приведены методы ортогонального и градиентного управления позициями, алгоритмы оценивания местоположения источников радиоизлучения на основе линейных и нелинейных методов фильтрации и алгоритмы отождествления пеленгов. В приложении рассмотрены методы и алгоритмы углового оценивания со сверхразрешением. Представленный материал основан на последних достижениях науки и техники. Для научных работников и инженеров, а также преподавателей, аспирантов и студентов высших учебных заведений
606 1# - НАИМЕНОВАНИЕ ТЕМЫ КАК ПРЕДМЕТ
Наименование темы Радиолокация
Тематический подзаголовок Применение в военном деле
Системный номер авторитетной/нормативной записи 2160247
Идентификатор авторитетной/нормативной записи RU\NLR\AUTH\661300125
606 1# - НАИМЕНОВАНИЕ ТЕМЫ КАК ПРЕДМЕТ
Наименование темы Радиолокационные станции обнаружения целей
Системный номер авторитетной/нормативной записи 2119725
Идентификатор авторитетной/нормативной записи RU\NLR\AUTH\661583758
675 ## - УНИВЕРСАЛЬНАЯ ДЕСЯТИЧНАЯ КЛАССИФИКАЦИЯ (UDC/УДК)
Индекс 621.396.96
Издание 4
686 ## - ИНДЕКСЫ ДРУГИХ КЛАССИФИКАЦИЙ
Индекс 32.95
Код системы
686 1# - ИНДЕКСЫ ДРУГИХ КЛАССИФИКАЦИЙ
Индекс Ц571.432-1с116
701 #1 - ИМЯ ЛИЦА - АЛЬТЕРНАТИВНАЯ ОТВЕТСТВЕННОСТЬ
Графика поля Кириллица
Материалы, к которым относится поле rus
Начальный элемент ввода Чернов
Часть имени, кроме начального элемента ввода В. С.
Дополнения к именам, кроме дат канд. техн. наук
Расширение инициалов личного имени Валим Саматович
Системный номер авторитетной/нормативной записи 68416
Идентификатор авторитетной/нормативной записи RU\NLR\AUTH\7785488
701 #1 - ИМЯ ЛИЦА - АЛЬТЕРНАТИВНАЯ ОТВЕТСТВЕННОСТЬ
Начальный элемент ввода Верба
Часть имени, кроме начального элемента ввода В. С.
Даты 1954-
Расширение инициалов личного имени Владимир Степанович
701 #1 - ИМЯ ЛИЦА - АЛЬТЕРНАТИВНАЯ ОТВЕТСТВЕННОСТЬ
Графика поля Кириллица
Материалы, к которым относится поле rus
Начальный элемент ввода Меркулов
Часть имени, кроме начального элемента ввода В. И.
Дополнения к именам, кроме дат д-р техн. наук, радиоуправление
Даты 1941-
Расширение инициалов личного имени Владимир Иванович
Системный номер авторитетной/нормативной записи 188007
Идентификатор авторитетной/нормативной записи RU\NLR\AUTH\770188058
702 #1 - ИМЯ ЛИЦА - ВТОРИЧНАЯ ОТВЕТСТВЕННОСТЬ
Начальный элемент ввода Верба
Часть имени, кроме начального элемента ввода В. С.
Даты 1954-
Расширение инициалов личного имени Владимир Степанович
Код отношения Редактор
942 ## - ДОПОЛНИТЕЛЬНЫЕ ЭЛЕМЕНТЫ ЗАПИСИ (АБИС)
Тип экземпляра АБИС Книга
980 ## - КОЛЛЕКЦИЯ
Название коллекции Национальная библиография
Экземпляры
Тип экземпляра Дата поступления Источник поступления Библиотека постоянного хранения Библиотека текущего хранения Место хранения Шифр хранения Штрих-код Статус экземпляра
Книга 17.11.2022 Обязательный экземпляр РНБ (Московский) РНБ (Московский) Русский книжный фонд: издания с 1957 года 2022-5/11609 1-4047116  
Книга 17.11.2022 Обязательный экземпляр РНБ (Московский) РНБ (Московский) Русский книжный фонд: издания с 1957 года 2022-5/11609 1-4047117